Loading...
| Current Events | 1 | 20.00 | 100% | 100% | 0% |
| Fine Arts - Auditory Fine Arts | 5 | 12.00 | 100% | 20% | 0% |
| Fine Arts - Other Fine Arts | 7 | 11.43 | 71% | 29% | 14% |
| Fine Arts - Visual Fine Arts | 5 | 12.00 | 80% | 40% | 0% |
| Geography | 1 | 20.00 | 100% | 100% | 0% |
| History - American History | 8 | 13.75 | 100% | 38% | 0% |
| History - European History | 6 | 13.33 | 83% | 50% | 0% |
| History - Other History | 6 | 13.33 | 100% | 17% | 17% |
| History - World History | 5 | 18.00 | 100% | 60% | 20% |
| Literature - American Literature | 5 | 12.00 | 80% | 20% | 20% |
| Literature - British Literature | 5 | 10.00 | 60% | 40% | 0% |
| Literature - European Literature | 4 | 17.50 | 100% | 75% | 0% |
| Literature - World Literature | 3 | 13.33 | 100% | 0% | 33% |
| Mythology | 6 | 15.00 | 100% | 33% | 17% |
| Philosophy | 2 | 15.00 | 100% | 50% | 0% |
| Pop Culture | 2 | 15.00 | 100% | 50% | 0% |
| Religion | 4 | 15.00 | 75% | 25% | 50% |
| Science - Biology | 5 | 14.00 | 100% | 40% | 0% |
| Science - Chemistry | 5 | 12.00 | 100% | 20% | 0% |
| Science - Other Science | 5 | 20.00 | 100% | 60% | 40% |
| Science - Physics | 4 | 22.50 | 100% | 75% | 50% |
| Social Science | 6 | 15.00 | 100% | 50% | 0% |